[Event "22nd Open"]
[Site "Staufer GER"]
[Date "2010.01.03"]
[Round "4"]
[White "Jorczik,J"]
[Black "Graf,A"]
[Result "0-1"]
[WhiteElo "2333"]
[BlackElo "2593"]

1.d4 d5 2.c4 c6 3.Nf3 Nf6 4.Nc3 e6 5.e3 Nbd7 6.Qc2 Be7 7.b3 O-O 8.Be2 b6
9.O-O Bb7 10.Rd1 Qc7 11.Bb2 Rfe8 12.Rac1 Rad8 13.Bf1 Qb8 14.cxd5 exd5 15.g3 Bd6
16.Bg2 Rc8 17.Qf5 Rc7 18.Nd2 Nf8 19.Qd3 Ne6 20.e4 dxe4 21.Ncxe4 Nxe4 22.Nxe4 Bf8
23.Qf3 Qd8 24.Qg4 Bc8 25.Qf3 Rd7 26.h4 h6 27.Rxc6 Bb7 28.Rcc1 Bxe4 29.Qxe4 Nxd4
30.Qxd4 Rxd4 31.Bxd4 Ba3 32.Bb2 Qe7 33.Bxa3 Qxa3 34.Rc2 g6 35.Kh2 Re7 36.Bf3 Kg7
37.Kg2 b5 38.Rd3 Qb4 39.Rd1 a5 40.Rd3 Re6 41.Rd8 Rd6 42.Rxd6 Qxd6 43.Re2 f5
44.Rc2 g5 45.hxg5 hxg5 46.Rc6 Qd4 47.Rc7+ Kf6 48.Rc6+ Ke5 49.Ra6 g4 50.Ba8 Qd8
51.a4 b4 52.Bc6 Kd4 53.Bb5 Qd5+ 54.Kg1 Qxb3 55.Rxa5 Qb1+ 56.Bf1 b3 57.Rb5 b2
58.Rb4+ Kc3 59.Rc4+ Kb3  0-1

[Event "Meister Open"]
[Site "Basel SUI"]
[Date "2010.01.04"]
[Round "6"]
[White "Graeber,F"]
[Black "Staechelin,R"]
[Result "1/2-1/2"]
[WhiteElo "2112"]
[BlackElo "2129"]

1.c4 c6 2.d4 d5 3.Nf3 Nf6 4.Nc3 e6 5.e3 Nbd7 6.Qc2 Be7 7.Bd3 O-O 8.O-O h6
9.b3 b6 10.Bb2 Bb7 11.Rac1 Rc8 12.Qe2 c5 13.Rfd1 cxd4 14.exd4 Re8 15.Ne5 dxc4
16.Bxc4 Bd6 17.Ba6 Bxa6 18.Qxa6 Bb8 19.Qb5 Qc7 20.Nd5 Qb7 21.Nb4 Rxc1 22.Rxc1 Rc8
23.Rxc8+ Qxc8 24.Nbc6 Qe8 25.h4 Nxe5 26.dxe5 Ng4 27.Qc4 h5 28.Qe4 Qd7 29.Bd4 Qb7
30.f3 Nh6 31.b4 b5 32.Bc5 Kh8 33.Bd6 Bc7 34.Bc5 a6 35.f4 Nf5 36.Qf3 g6 37.Bf2 Bb6
38.Nd4 Qxf3 39.Nxf3 Bd8 40.a3 Kg7 41.Kf1 Kf8 42.Ke2 Ke8 43.g3 Kd7 44.Kd3 Kc6
45.Nd2 a5 46.Ne4 axb4 47.axb4 Be7 48.Be1 Nh6 49.Bd2 Bd8 50.Be1 Bb6 51.Bd2 Bd8
52.Be1 Be7 53.Bd2 Ng4 54.Be1 f5 55.Ng5 Bxg5 56.hxg5 Kd5 57.Bd2 Nf2+ 58.Ke3 Ne4
59.Be1 Kc4 60.Ke2 Nc3+ 61.Ke3 Nd5+ 62.Ke2  1/2-1/2

[Event "ZVO Open"]
[Site "Borovo CRO"]
[Date "2010.01.04"]
[Round "4"]
[White "Martinovic,Sl"]
[Black "Mrkonjic,N"]
[Result "1/2-1/2"]
[WhiteElo "2440"]
[BlackElo "2382"]

1.Nf3 d5 2.c4 c6 3.e3 Nf6 4.Nc3 e6 5.d4 Be7 6.Qc2 Nbd7 7.Bd3 dxc4 8.Bxc4 b5
9.Be2 Bb7 10.O-O Rc8 11.Ne5 b4 12.Nxd7 Qxd7 13.Na4 c5 14.Nxc5 Bxc5 15.dxc5 O-O
16.a3 a5 17.axb4 axb4 18.Rd1 Qc6 19.f3 Qxc5 20.Qxc5 Rxc5 21.e4 Bc6 22.Be3 Rc2
23.Rd2 Rxd2 24.Bxd2 Rb8 25.Rc1 Bd7 26.b3 e5 27.Rc5 Be6 28.Rxe5 Bxb3 29.Rb5 Rxb5
30.Bxb5 Be6 31.Bxb4 Nd7 32.Bd3 Ne5 33.Bc2 f6 34.Bc3 g5 35.Kf2 Kf7 36.g3 h6
37.Ba5 Kg7 38.Bc3 Kf7 39.Bd1 Ng6 40.Bc2  1/2-1/2

[Event "22nd Open"]
[Site "Staufer GER"]
[Date "2010.01.04"]
[Round "5"]
[White "Rau,H"]
[Black "Namyslo,H"]
[Result "1-0"]
[WhiteElo "2466"]
[BlackElo "2317"]

1.d4 d5 2.c4 e6 3.Nc3 c6 4.e3 Nf6 5.Nf3 Nbd7 6.Qc2 Bd6 7.Bd3 O-O 8.O-O Qe7
9.c5 Bb8 10.e4 dxe4 11.Nxe4 Nxe4 12.Bxe4 f5 13.Bd3 Nf6 14.Re1 Nd5 15.Bd2 Qf6
16.b4 Bd7 17.Ne5 Bxe5 18.Rxe5 Qh4 19.Qb2 a6 20.Rae1 Rad8 21.Bc4 Nf6 22.g3 Qh3
23.f3 Rde8 24.Bg5 f4 25.Bf1 Qh5 26.Bxf6 Qg6 27.Bh4 fxg3 28.Bxg3 Rxf3 29.Bg2 Rf6
30.Qd2 h6 31.Rf1 Ref8 32.Ree1 Be8 33.Rxf6 Rxf6 34.Rf1 Rxf1+ 35.Bxf1 Qb1 36.a3 Bg6
37.Qc3 Bf5 38.Be5 Qd1 39.Qg3 g5 40.h4 Qc1 41.hxg5 hxg5 42.Bf6 g4 43.Be5 Kf7
44.Bf4 Qd1 45.Qe3 Kg6 46.Bg3 Kh5 47.Kf2 Qc2+ 48.Be2 Be4 49.Bh4  1-0

[Event "22nd Open"]
[Site "Staufer GER"]
[Date "2010.01.04"]
[Round "5"]
[White "Zeller,F"]
[Black "Burmakin,V"]
[Result "0-1"]
[WhiteElo "2415"]
[BlackElo "2590"]

1.c4 e6 2.Nf3 d5 3.d4 Nf6 4.Nc3 c6 5.e3 Nbd7 6.Bd3 Bd6 7.e4 dxe4 8.Nxe4 Nxe4
9.Bxe4 Bb4+ 10.Bd2 Qa5 11.a3 Bxd2+ 12.Qxd2 Qxd2+ 13.Kxd2 Nf6 14.Bc2 O-O 15.Kc3 Rd8
16.Rad1 Bd7 17.Ne5 Be8 18.f4 b5 19.b3 bxc4 20.bxc4 c5 21.g3 cxd4+ 22.Rxd4 Rdc8
23.Kd2 Kf8 24.Rb1 Rc7 25.g4 h6 26.h4 Rac8 27.Bd3 Ke7 28.g5 Nd7 29.Re1 Nc5
30.Bc2 Rb8 31.f5 hxg5 32.hxg5 Rb2 33.Kc1 Nb3+ 34.Kxb2 Nxd4 35.fxe6 Nxc2 36.Kxc2 f6
37.gxf6+ gxf6 38.Nd3 Bb5 39.Kb2 Rxc4 40.Nb4 Rc5 41.Nc2 Bd3 42.Nd4 Rc4 43.Nb5 a6
44.Nc3 Rc5 45.Re3 Bc4 46.Rf3 f5 47.Na4 Rb5+ 48.Kc2 Kxe6 49.Kd2 Bd5 50.Rh3 Ke5
51.Nc3 Rb3 52.a4 Be4 53.Rh6 Rb2+ 54.Ke1 Bd3 55.Rh8 Kd4  0-1

[Event "Meister Open"]
[Site "Basel SUI"]
[Date "2010.01.05"]
[Round "7"]
[White "Mirzoev,A"]
[Black "Wirthensohn,H"]
[Result "1/2-1/2"]
[WhiteElo "2617"]
[BlackElo "2392"]

1.d4 d5 2.c4 c6 3.Nf3 Nf6 4.e3 e6 5.Nc3 a6 6.b3 Bb4 7.Bd2 Nbd7 8.Be2 O-O
9.O-O Bd6 10.Qc2 e5 11.cxd5 cxd5 12.dxe5 Nxe5 13.Rad1 Be6 14.Qb1 Rc8 15.Nd4 Nc6
16.Nxe6 fxe6 17.f4 e5 18.Kh1 Kh8 19.Bf3 e4 20.Be2 Bb4 21.Na4 b5 22.Nb2 Qb6
23.Bc1 Bc5 24.Rde1 Bb4  1/2-1/2

[Event "22nd Open"]
[Site "Staufer GER"]
[Date "2010.01.05"]
[Round "9"]
[White "Aring,G"]
[Black "Namyslo,H"]
[Result "0-1"]
[WhiteElo "2180"]
[BlackElo "2317"]

1.d4 d5 2.c4 e6 3.Nf3 c6 4.e3 Nf6 5.Nc3 Nbd7 6.Qc2 Bd6 7.e4 dxe4 8.Nxe4 Nxe4
9.Qxe4 e5 10.c5 Bc7 11.dxe5 Nxc5 12.Qc2 Ba5+ 13.Bd2 Bxd2+ 14.Qxd2 O-O 15.Rc1 Qe7
16.Qc3 Ne6 17.Bc4 Nf4 18.g3 Ng6 19.O-O Bg4 20.Rfe1 Rfe8 21.e6 Bxe6 22.Nd4 Nf8
23.Nxe6 Nxe6 24.Bxe6 fxe6 25.Re5 Rad8 26.Rce1 Qf7 27.Qe3 a6 28.f4 g6 29.a3 Rd5
30.Re4 Qd7 31.Re2 Kf7 32.Kg2 Rd3 33.Qb6 Re7 34.h4 Qd5 35.Kh2 Qb3 36.Qf2 Qd5
37.Re5 Qd4 38.Qg2 Qc4 39.h5 Rd5 40.hxg6+ hxg6 41.Qe4 Qxe4 42.R5xe4 c5 43.Kg2 b5
44.Kf3 c4 45.g4 Rd3+ 46.Kf2 Rh3 47.Kg2 Rd3 48.Kf2 Rd5 49.a4 Rc5 50.axb5 axb5
51.Ke1 b4 52.f5 gxf5 53.gxf5 Rxf5 54.Rxc4 Rb7 55.Ree4 b3 56.Rc3 Kf6 57.Ree3 Re5
58.Ke2 Rbb5 59.Kf2 Rxe3 60.Kxe3 Rb4 61.Rc5 e5 62.Rc8 Rh4 63.Rb8 Rh2 64.Ke4 Re2+
65.Kd5 Rxb2 66.Rf8+ Ke7 67.Rb8 Rb1 68.Kc4 Ke6 69.Kc3 Kf5 70.Rb4 e4 71.Rb8 Kf4
72.Kd2  0-1

[Event "39th Rilton Cup"]
[Site "Stockholm SWE"]
[Date "2010.01.05"]
[Round "9"]
[White "Berczes,D"]
[Black "Ivanov,Sergey1"]
[Result "0-1"]
[WhiteElo "2512"]
[BlackElo "2530"]

1.Nf3 d5 2.d4 Nf6 3.c4 c6 4.Nc3 e6 5.e3 Nbd7 6.Qc2 Bd6 7.Bd3 O-O 8.O-O dxc4
9.Bxc4 b5 10.Bd3 Bb7 11.e4 e5 12.Bg5 exd4 13.Nxd4 Bxh2+ 14.Kxh2 Ng4+ 15.Kg3 Qxg5
16.f4 Qd8 17.Kxg4 Nf6+ 18.Kg3 Qxd4 19.e5 Nh5+ 20.Kh2 g6 21.Ne4 c5 22.g4 c4
23.gxh5 cxd3 24.Nf6+ Kg7 25.Qf2 Qxf2+ 26.Rxf2 Rfd8 27.Rd2 Rac8 28.Kg3 Rc2
29.Rad1 Rxd2 30.Rxd2 gxh5 31.f5 Rd4 32.Nxh5+ Kh6 33.Nf4 Kg5 34.Nxd3 Bc8 35.f6 Bf5
36.Ne1 Rxd2 37.Nf3+ Kg6 38.Nxd2 Be6 39.Kf4 Bxa2 40.Nf3 b4 41.Nd4 a5 42.Nc6 h5
43.Ne7+ Kh7 44.Kg5 a4 45.Nc6 a3 46.bxa3 b3  0-1

[Event "ch-AUS"]
[Site "Sydney AUS"]
[Date "2010.01.07"]
[Round "5"]
[White "Charles,Ga"]
[Black "Schon,E"]
[Result "1/2-1/2"]
[WhiteElo "2175"]
[BlackElo "2167"]

1.d4 d5 2.c4 c6 3.Nf3 Nf6 4.Nc3 e6 5.e3 Nbd7 6.Bd3 dxc4 7.Bxc4 b5 8.Bd3 Bb7
9.O-O a6 10.e4 c5 11.e5 cxd4 12.Nxb5 Bxf3 13.Qxf3 Nd5 14.Nd6+ Bxd6 15.exd6 Ne5
16.Qg3 Nxd3 17.Qxd3 Qxd6 18.Qxd4 O-O 19.Bd2 Rfd8 20.Ba5 Nf4 21.Qxd6 Rxd6
22.Rfd1 Rxd1+ 23.Rxd1 Rc8 24.g3 Nd5 25.Kf1 f6 26.Ke2 Rc5 27.Bd2 Kf7 28.Kd3 e5
29.b4 Rc7 30.a3 Ke6 31.Rc1 Rxc1 32.Bxc1 Kd6 33.Be3 Nxe3 34.fxe3 f5 35.Kc4 Kc6
36.a4 g5 37.b5+ axb5+ 38.axb5+ Kd6 39.b6 Kc6 40.b7 Kxb7 41.Kd5 f4 42.exf4 exf4
43.gxf4 gxf4 44.Ke4 Kc7 45.Kxf4 Kd7 46.Kg5 Ke7 47.Kh6 Kf6 48.h4 Kf5 49.h5 Kg4
50.Kxh7 Kxh5  1/2-1/2

[Event "Open"]
[Site "Prague CZE"]
[Date "2010.01.08"]
[Round "1"]
[White "Malaniuk,V"]
[Black "Klecker,T"]
[Result "1-0"]
[WhiteElo "2573"]
[BlackElo "2161"]

1.d4 d5 2.c4 c6 3.e3 Nf6 4.Nc3 e6 5.Nf3 Nbd7 6.Qc2 Bd6 7.Bd3 e5 8.cxd5 cxd5
9.Nb5 Bb8 10.dxe5 Nxe5 11.Nxe5 Bxe5 12.Bd2 O-O 13.O-O Bd7 14.Bc3 Bxc3 15.Nxc3 Bc6
16.Rfd1 Qe7 17.Be2 Rfd8 18.Qb3 Rd6 19.Rd4 Rad8 20.Rad1 R6d7 21.h3 h6 22.Bg4 Nxg4
23.Rxg4 Qe5 24.Rgd4 Rd6 25.Qa3 Rg6 26.Qxa7 Qf5 27.Ne2 Rf6 28.Nf4 g5 29.Nd3 Bb5
30.Qa5 Qd7 31.Ne5 Qe8 32.Rxd5 b6 33.Rxd8 bxa5 34.Rxe8+ Bxe8 35.Rd8 Re6 36.Nc4 Kg7
37.Nxa5 h5 38.Rd5 Kg6 39.Nc4 f6 40.b3  1-0

[Event "XXXV Open"]
[Site "Seville ESP"]
[Date "2010.01.11"]
[Round "4"]
[White "Saravanan,V1"]
[Black "Korneev,O"]
[Result "0-1"]
[WhiteElo "2356"]
[BlackElo "2573"]

1.Nf3 d5 2.d4 Nf6 3.c4 e6 4.Nc3 c6 5.e3 Nbd7 6.Qc2 Bd6 7.Bd3 O-O 8.O-O dxc4
9.Bxc4 a6 10.a4 c5 11.dxc5 Bxc5 12.b3 b6 13.Ne4 Be7 14.Rd1 Nxe4 15.Qxe4 Nf6
16.Qc2 Qe8 17.Bb2 Bb7 18.Ne5 Rd8 19.Bd4 Nd5 20.Qe2 f6 21.Nf3 Kh8 22.Bxa6 Ba8
23.Rac1 Ba3 24.Bb2 Bd6 25.Bb5 Qh5 26.Bc6 Bxh2+ 27.Kf1 Bxc6 28.Rxc6 Be5 29.Bxe5 Qh1+
30.Ng1 Nxe3+  0-1

[Event "4th SOP-SMAOK Open"]
[Site "Athens GRE"]
[Date "2010.01.12"]
[Round "1"]
[White "Valden,P"]
[Black "Delis,G"]
[Result "1/2-1/2"]
[WhiteElo "2215"]
[BlackElo "1947"]

1.d4 d5 2.c4 c6 3.Nc3 Nf6 4.e3 e6 5.Nf3 Nbd7 6.Qc2 Bd6 7.g4 h6 8.h3 e5 9.cxd5 cxd5
10.Bd2 e4 11.Nb5 Bb8 12.Rc1 O-O 13.Bb4 Re8 14.Nd2 Nf8 15.Bxf8 Kxf8 16.Qc5+ Qe7
17.Qxe7+ Kxe7 18.Nc7 Bxc7 19.Rxc7+ Nd7 20.Bb5 Rd8 21.Ke2 a6 22.Ba4 Kf8 23.f3 exf3+
24.Nxf3 b5 25.Bb3 Nf6 26.g5 Ne4 27.Rg1 Bxh3 28.gxh6 gxh6 29.Ke1 Rac8 30.Rxc8 Rxc8
31.Bxd5 Rc1+ 32.Ke2 Bf1+ 33.Rxf1 Ng3+ 34.Kf2  1/2-1/2

[Event "76th ch-BLR"]
[Site "Minsk BLR"]
[Date "2010.01.13"]
[Round "2"]
[White "Tihonov,J"]
[Black "Kolesnik,E"]
[Result "1-0"]
[WhiteElo "2472"]
[BlackElo "2374"]

1.d4 d5 2.c4 c6 3.Nc3 Nf6 4.e3 e6 5.Nf3 Nbd7 6.Qc2 Bd6 7.g4 h6 8.Rg1 e5 9.cxd5 cxd5
10.Nb5 Bb8 11.g5 hxg5 12.Nxg5 e4 13.Bd2 Nb6 14.Qc5 a6 15.Ba5 Na4 16.Bxd8 Nxc5
17.Nc7+ Bxc7 18.Bxc7 Na4 19.b3 Nb2 20.Rb1 Nd3+ 21.Bxd3 exd3 22.Rc1 Bf5 23.Bg3 O-O
24.Kd2 Ne4+ 25.Nxe4 dxe4 26.Rc5 Bh3 27.Bc7 Rac8 28.a4 Rfe8 29.b4 f6 30.a5 Kf7
31.d5 Bd7 32.Rgc1 Ba4 33.R1c4 g5 34.Rd4 Bd7 35.Kc3 Kg6 36.Bg3 Kh5 37.Kd2 Kg4
38.f4 gxf4 39.Bxf4 Kf3 40.Rdc4 Rg8 41.Rxc8 Bxc8 42.Bg3 f5 43.Rc7 Rd8 44.d6 Be6
45.Re7 Bb3 46.Rxb7 Ba4 47.Rc7 Rd7 48.Rc5 Kg4 49.Bf4 Rb7 50.Kc3 Rb5 51.Rc7 Kf3
52.Rg7 Rd5 53.Kd2 Rb5 54.Ke1 d2+ 55.Kxd2 Rxb4 56.Kc3 Rb5 57.h4 Rb1 58.h5  1-0

[Event "2nd Kirov Memorial Open"]
[Site "Blagoevgrad BUL"]
[Date "2010.01.14"]
[Round "5"]
[White "Drenchev,P"]
[Black "Badev,K"]
[Result "1-0"]
[WhiteElo "2477"]
[BlackElo "2369"]

1.d4 d5 2.c4 c6 3.Nf3 Nf6 4.Nc3 e6 5.e3 Be7 6.Bd3 dxc4 7.Bxc4 b5 8.Bd3 Bb7
9.e4 a6 10.e5 Nfd7 11.Ne4 c5 12.O-O cxd4 13.a4 O-O 14.Bf4 Nc6 15.Qe2 Nb4
16.axb5 axb5 17.Bxb5 Nc5 18.Nxc5 Bxc5 19.Nd2 Rxa1 20.Rxa1 d3 21.Qg4 Qd4 22.Qg3 Rc8
23.Rb1 Bd5 24.Be3 Qxe3 25.fxe3 Nc2 26.Nf1 d2 27.Rd1  1-0

[Event "46th ch-CUB"]
[Site "Ciego de Avila CUB"]
[Date "2010.01.15"]
[Round "3"]
[White "Bruzon Batista,L"]
[Black "Ortiz Suarez,I"]
[Result "1-0"]
[WhiteElo "2619"]
[BlackElo "2504"]

1.d4 d5 2.c4 c6 3.Nc3 Nf6 4.e3 e6 5.Nf3 Nbd7 6.Qc2 Bd6 7.Bd3 O-O 8.O-O dxc4
9.Bxc4 b5 10.Bd3 Bb7 11.a3 a6 12.Ng5 Bxh2+ 13.Kxh2 Ng4+ 14.Kg1 Qxg5 15.f3 Ngf6
16.e4 Qh4 17.Be3 e5 18.Ne2 Nh5 19.Qd2 h6 20.Rad1 Rad8 21.Qe1 Qe7 22.Bb1 c5
23.dxc5 Nf4 24.Rc1 Nxe2+ 25.Qxe2 Nb8 26.Rfd1 Nc6 27.Rd6 Rxd6 28.cxd6 Qxd6
29.Bc5 Nd4 30.Qf2 Qc7 31.Rc3 Qd8 32.Bxf8 Kxf8 33.Ba2 a5 34.f4 f5 35.fxe5 Bxe4
36.Re3 Qa8 37.Re1 Nc2 38.Qc5+ Ke8 39.Rd1 Qc6 40.Qa7 Qb7 41.Qxa5 Qb8 42.Qa6 Qc7
43.Qg6+ Kf8 44.Rd8+  1-0

[Event "46th ch-CUB"]
[Site "Ciego de Avila CUB"]
[Date "2010.01.15"]
[Round "3"]
[White "Almeida Quintana,O"]
[Black "Nogueiras Santiago,J"]
[Result "0-1"]
[WhiteElo "2524"]
[BlackElo "2570"]

1.d4 d5 2.c4 c6 3.Nf3 Nf6 4.Nc3 e6 5.e3 Nbd7 6.Qc2 Be7 7.b3 b6 8.g4 Bb4 9.a3 Bxc3+
10.Qxc3 Bb7 11.Be2 O-O 12.Rg1 Ne4 13.Qc2 c5 14.dxc5 Ndxc5 15.b4 Nd7 16.cxd5 Bxd5
17.Bb2 Qe7 18.Qd3 Rfd8 19.g5 Bb7 20.Qb3 Rac8 21.Rd1 Nf8 22.Bd4 Ng6 23.h4 Qc7
24.h5 Nh4 25.Nxh4 Qh2 26.Rf1 Qxh4 27.g6 hxg6 28.hxg6 Ng5 29.gxf7+ Kxf7 30.Rg1 g6
31.Rg4 Qh1+ 32.Kd2 Ne4+  0-1

[Event "TCh-AUT 2009-10"]
[Site "Graz AUT"]
[Date "2010.01.15"]
[Round "5"]
[White "Ruck,R1"]
[Black "Baldauf,Marc"]
[Result "1-0"]
[WhiteElo "2556"]
[BlackElo "2373"]

1.Nf3 d5 2.d4 Nf6 3.c4 c6 4.Nc3 e6 5.e3 Nbd7 6.Qc2 Bd6 7.b3 O-O 8.Be2 b6
9.O-O Bb7 10.Bb2 Qe7 11.Rad1 Rac8 12.Qb1 Rfd8 13.Bd3 h6 14.Rfe1 Ba3 15.Bxa3 Qxa3
16.Nd2 dxc4 17.Nxc4 Qe7 18.Ne4 Nxe4 19.Bxe4 Ba8 20.Qb2 c5 21.Bxa8 Rxa8 22.h3 Kf8
23.Rd2 cxd4 24.Rxd4 Nc5 25.Red1 Rxd4 26.Qxd4 Nb7 27.Qe4 Rd8 28.Rxd8+ Nxd8
29.Qa8 Qc7 30.a4 Ke7 31.Qe4 Nc6 32.Qh4+ Ke8 33.Qe4 Ke7 34.Qh7 Kf6 35.f4 e5
36.Qe4 exf4 37.exf4 Qd7 38.Kh2 Qe6 39.Qd3 g6 40.Nd6 Ke7 41.Nb5 Qd7 42.Qe3+ Qe6
43.Qc3 Qf6 44.Qe1+ Qe6 45.Qh4+ Kd7 46.Qg3 Ke7 47.Qf3 Qd7 48.Qc3 a6 49.Na3 Nd4
50.Nc4 b5 51.Ne5 Qd6 52.Qxd4  1-0

[Event "TCh-AUT 2009-10"]
[Site "Graz AUT"]
[Date "2010.01.15"]
[Round "5"]
[White "Schenk,An"]
[Black "Kreisl,R"]
[Result "1/2-1/2"]
[WhiteElo "2506"]
[BlackElo "2380"]

1.d4 d5 2.c4 e6 3.Nf3 Nf6 4.Nc3 c6 5.e3 Nbd7 6.Qc2 Bd6 7.b3 O-O 8.Be2 b6
9.O-O Bb7 10.Bb2 Qe7 11.Rfe1 Rfe8 12.Rad1 Rad8 13.Bf1 c5 14.cxd5 Nxd5 15.Nxd5 exd5
16.Bb5 a6 17.Bd3 Nf8 18.Rc1 c4 19.bxc4 dxc4 20.Qxc4 Bd5 21.Qc2 Bxf3 22.gxf3 Qh4
23.f4 Bxf4 24.exf4 Qg4+ 25.Kf1 Qh3+ 26.Kg1 Qg4+ 27.Kf1 Qh3+ 28.Kg1 Qg4+  1/2-1/2

[Event "XXXV Open"]
[Site "Seville ESP"]
[Date "2010.01.15"]
[Round "8"]
[White "Bhat,V"]
[Black "Lemos,D"]
[Result "1-0"]
[WhiteElo "2540"]
[BlackElo "2544"]

1.d4 d5 2.c4 c6 3.Nf3 Nf6 4.Nc3 e6 5.e3 Nbd7 6.Qc2 Bd6 7.Bd3 O-O 8.O-O dxc4
9.Bxc4 b5 10.Be2 Bb7 11.Rd1 Qb8 12.e4 e5 13.dxe5 Nxe5 14.Nd4 Ned7 15.g3 g6
16.Be3 b4 17.Na4 c5 18.Nb3 Nxe4 19.Na5 f5 20.f3 Ndf6 21.Nxb7 Bxg3 22.Bc4+ Kh8
23.hxg3 Ng4 24.Bf4 Qxb7 25.fxg4 Rae8 26.g5 h6 27.Bd5 Qe7 28.Bxe4  1-0

[Event "Porzellancup"]
[Site "Dresden GER"]
[Date "2010.01.16"]
[Round "4"]
[White "Roos,M GER"]
[Black "Graf,A"]
[Result "1/2-1/2"]
[WhiteElo "2364"]
[BlackElo "2593"]

1.Nf3 d5 2.d4 Nf6 3.c4 c6 4.e3 e6 5.Nc3 Nbd7 6.Bd3 dxc4 7.Bxc4 b5 8.Bd3 Bb7
9.O-O Be7 10.e4 b4 11.Na4 c5 12.e5 Nd5 13.dxc5 Nxc5 14.Nxc5 Bxc5 15.Bb5+ Kf8
16.Qe2 h6 17.Bd2 g6 18.a3 bxa3 19.bxa3 Qe7 20.Ba6 Bxa6 21.Qxa6 Rb8 22.Rfb1 Kg7
23.Bb4 Nxb4 24.axb4 Bb6 25.Qe2 Rhc8 26.Ra2 Rc3 27.Rc2 Rbc8 28.Rxc3 Rxc3 29.g3 Qc7
30.Kg2 Qc6 31.h3 Kg8 32.Kh2 Kg7 33.Kg2 Bd4 34.g4 Qd6 35.h4 h5  1/2-1/2

[Event "4NCL 2009-10"]
[Site "Hinckley Island ENG"]
[Date "2010.01.16"]
[Round "3"]
[White "Flear,G"]
[Black "Rawlinson,A"]
[Result "0-1"]
[WhiteElo "2497"]
[BlackElo "2207"]

1.d4 d5 2.c4 c6 3.Nc3 Nf6 4.e3 e6 5.Nf3 Nbd7 6.Bd3 dxc4 7.Bxc4 b5 8.Bd3 Bb7
9.O-O a6 10.a4 b4 11.Ne4 c5 12.Nxf6+ Nxf6 13.dxc5 Bxc5 14.Qe2 Nd7 15.e4 e5
16.b3 O-O 17.Bb2 Qe7 18.Rfd1 Bd6 19.Nd2 Nc5 20.Bc4 a5 21.Rac1 Kh8 22.Qg4 h6
23.f3 Rad8 24.Nf1 Ba6 25.Bxa6 Qa7 26.Kh1 Qxa6 27.Ne3 Nd3 28.Rc2 Nxb2 29.Rxb2 Bc5
30.Nd5 f5 31.Qh4 fxe4 32.Qxe4 Rf4 33.Qe2 Qxe2 34.Rxe2 Rd4 35.Rxd4 Bxd4 36.Ne7 Bc5
37.g3 Bxe7 38.Rxe5 Bf6 39.Rxa5 Rd3 40.Rb5 Rxb3 41.a5 Bc3 42.a6 Ra3 43.Rb6 b3
44.a7 b2  0-1

[Event "Open C"]
[Site "Marianske Lazne CZE"]
[Date "2010.01.16"]
[Round "1"]
[White "Hamrakulova,Y"]
[Black "Osswald,M"]
[Result "1-0"]
[WhiteElo "2254"]
[BlackElo "1884"]

1.d4 d5 2.Nf3 Nf6 3.c4 c6 4.Nc3 e6 5.e3 Nbd7 6.Bd3 dxc4 7.Bxc4 a6 8.a4 Nb6
9.Bb3 Nbd5 10.O-O Bb4 11.Qd3 Qc7 12.Bd2 O-O 13.Nxd5 Nxd5 14.Bxd5 Bxd2 15.Bxe6 Bxe3
16.Bxc8  1-0

[Event "8th Parsvnath Open"]
[Site "New Delhi IND"]
[Date "2010.01.16"]
[Round "4"]
[White "Thejkumar,M"]
[Black "Ankit,R"]
[Result "1-0"]
[WhiteElo "2435"]
[BlackElo "2298"]

1.c4 c6 2.d4 d5 3.Nf3 Nf6 4.Nc3 e6 5.e3 Nbd7 6.Qc2 Bd6 7.b3 O-O 8.Be2 e5
9.cxd5 cxd5 10.Nb5 Bb4+ 11.Bd2 Bxd2+ 12.Nxd2 e4 13.O-O a6 14.Nc3 b6 15.Qb2 Qe7
16.Rfc1 Bb7 17.Rc2 Rfc8 18.Rac1 Qd6 19.b4 Kf8 20.a3 Rc7 21.Nb3 Rac8 22.Na4 Rxc2
23.Rxc2 Rxc2 24.Qxc2 Qc6 25.Qxc6 Bxc6 26.Nc3 Bb7 27.f3 Ke7 28.Kf2 Kd6 29.Nd2 exf3
30.gxf3 Nh5 31.e4 Nf4 32.Ke3 Ng2+ 33.Kf2 Nf4 34.Bf1 f6 35.Ke3 g5 36.exd5 Nxd5+
37.Nxd5 Kxd5 38.Bc4+ Kd6 39.Ne4+ Ke7 40.Bg8 h6 41.Ng3 b5 42.d5 Ne5 43.Nf5+ Kd8
44.Be6 Kc7 45.Nxh6 Nc4+ 46.Kd4  1-0

[Event "8th Parsvnath Open"]
[Site "New Delhi IND"]
[Date "2010.01.16"]
[Round "5"]
[White "Gutov,A"]
[Black "Semenova,E"]
[Result "1-0"]
[WhiteElo "2444"]
[BlackElo "2208"]

1.d4 d5 2.c4 c6 3.Nc3 Nf6 4.e3 e6 5.Nf3 Nbd7 6.Bd3 Bd6 7.e4 dxe4 8.Nxe4 Nxe4
9.Bxe4 O-O 10.O-O h6 11.Bc2 e5 12.Qd3 f5 13.c5 Bc7 14.dxe5 Nxe5 15.Qb3+ Kh8
16.Re1 Nxf3+ 17.Qxf3 Qf6 18.Bf4 Bxf4 19.Qxf4 Bd7 20.Re5 Rae8 21.Rae1 Qf7
22.Bb3 Qf6 23.Qd4 Rxe5 24.Rxe5 Rd8 25.Qe3 Qg6 26.f4 Re8 27.Rxe8+ Qxe8 28.Qxe8+ Bxe8
29.Be6 g6 30.b4 Kg7 31.Bc8 Kf6 32.a4 Ke7 33.a5 Bf7 34.Bxb7 Kd7 35.Ba6 Bb3
36.Kf2 Ke6 37.Ke3 Kd5 38.Kd3 Ba2 39.h4 Bb3 40.Kc3 Ba2 41.Be2 Bb1 42.Bc4+ Ke4
43.b5  1-0

[Event "Porzellancup"]
[Site "Dresden GER"]
[Date "2010.01.17"]
[Round "8"]
[White "Bodiroga,P"]
[Black "Schlierkamp,F"]
[Result "1-0"]
[WhiteElo "2420"]
[BlackElo "2189"]

1.d4 d5 2.c4 c6 3.Nc3 Nf6 4.e3 e6 5.Nf3 Nbd7 6.Qc2 Bd6 7.b3 O-O 8.Be2 Re8
9.O-O dxc4 10.bxc4 e5 11.Rd1 Qe7 12.Rb1 e4 13.Nd2 Nf8 14.Nf1 h5 15.d5 Ng6
16.dxc6 bxc6 17.c5 Bc7 18.Qa4 Qxc5 19.Bb2 h4 20.Rbc1 Qg5 21.Qxc6 Bh3 22.Ng3 hxg3
23.hxg3 Bxg3 24.gxh3 Bh4+ 25.Bg4 Ne5 26.Nxe4 Bxf2+ 27.Kh1 Qxe3 28.Nxf6+ gxf6
29.Bxe5 fxe5 30.Rc3 Qg5 31.Qg2 Bd4 32.Rg3 Kf8 33.Bf3 Qd8 34.Rg8+ Ke7 35.Rxe8+  1-0

[Event "TCh-AUT 2009-10"]
[Site "Graz AUT"]
[Date "2010.01.17"]
[Round "7"]
[White "Kraemer,Mart"]
[Black "Kreisl,R"]
[Result "1-0"]
[WhiteElo "2482"]
[BlackElo "2380"]

1.d4 d5 2.c4 c6 3.Nc3 Nf6 4.e3 e6 5.Nf3 Nbd7 6.Qc2 Bd6 7.b3 O-O 8.Be2 b6
9.O-O Bb7 10.Bb2 Qe7 11.Rad1 Rad8 12.Rfe1 Rfe8 13.Bf1 c5 14.cxd5 Nxd5 15.Nxd5 exd5
16.Bd3 h6 17.Bb5 a6 18.Bd3 Nf8 19.Qe2 Ra8 20.Rc1 Ne6 21.Bb1 Rac8 22.Qd3 Nf8
23.Red1 Red8 24.Qf5 c4 25.bxc4 dxc4 26.d5 Ba3 27.Bxa3 Qxa3 28.e4 b5 29.Ne5 Rc7
30.Ng4 Ng6 31.Ne3 Re7 32.Qh3 Rc7 33.Qg3 Qd6 34.Qxd6 Rxd6 35.g3 c3 36.f4 Rd8
37.e5 Nf8 38.Be4 Rc5 39.Rd4 a5 40.a3 Ba8 41.Kf2 Nd7 42.Nd1 b4 43.axb4 axb4
44.Rxb4 Bxd5 45.Bf5 g6 46.Bxd7 Rxd7 47.Rxc3 Rxc3 48.Nxc3 Bb7 49.Ke3 h5 50.Nb5 Bc6
51.Nd4 Bd5 52.Rb8+ Kh7 53.f5 gxf5 54.Nxf5 Ra7 55.Rd8 Ra3+ 56.Kf4 Ra4+ 57.Ke3 Ra3+
58.Kf4 Ra4+ 59.Kg5 Rg4+ 60.Kf6 Bb3 61.Nh4 Ba2 62.Rb8 Bd5 63.Rd8 Ba2 64.Rd2 Bb3
65.Rd3 Ba2 66.Rd2 Bb3 67.Rf2 Be6 68.Rf4 Rg8 69.Rd4 Kh6 70.Rd6 Kh7 71.Rb6 Kh6
72.Nf5+ Kh7 73.Nd4 Bd5 74.Rd6 Bc4 75.Nf3 Rg6+ 76.Ke7 Rg8 77.Rf6 Bd5 78.Nh4 Rg5
79.Rf5 Rxf5 80.Nxf5 Kg6 81.Ne3 Bb3 82.h4 Ba2 83.Kd6 Bb3 84.Kd7 Ba2 85.Kd6 Bb3
86.Kc5 f6 87.Kd4 fxe5+ 88.Kxe5 Ba4 89.Nd5 Bd1 90.Nf4+ Kh6 91.Kf6 Bf3 92.Ne6 Bg4
93.Nd4 Bd1 94.Nf5+ Kh7 95.Kg5 Bg4 96.Nd6 Bd1 97.Ne8  1-0

[Event "TCh-AUT 2009-10"]
[Site "Graz AUT"]
[Date "2010.01.17"]
[Round "7"]
[White "Reich,T"]
[Black "Haas,B"]
[Result "1-0"]
[WhiteElo "2359"]
[BlackElo "1995"]

1.d4 d5 2.Nf3 Nf6 3.c4 c6 4.e3 e6 5.Nc3 Nbd7 6.Qc2 Bd6 7.Be2 O-O 8.O-O dxc4
9.Bxc4 b5 10.Be2 a6 11.Rd1 Qe7 12.Ng5 Bb7 13.Bf3 Rac8 14.a4 b4 15.Nce4 Bb8
16.Bd2 a5 17.Rac1 Ba7 18.Nxf6+ Nxf6 19.Ne4 Nxe4 20.Qxe4 Ba8 21.Qe5 Bb6 22.Be1 Rc7
23.Rc4 f6 24.Qh5 g6 25.Qg4 f5 26.Qf4 c5 27.Bxa8 Rxa8 28.dxc5 Rxc5 29.Rxc5 Bxc5
30.Qe5 Kf7 31.b3 Rc8 32.h3 Qc7 33.Qxc7+ Rxc7 34.Rc1 Ke7 35.Kf1 Bb6 36.Rxc7+ Bxc7
37.Ke2 Kd6 38.Kd3 Kd5 39.f3 Bb6 40.e4+ Kc6 41.Bh4 Kd6 42.Bf6 Kc6 43.exf5 exf5
44.Kc4 Bc7 45.Kd4 Bb6+ 46.Ke5 Kd7 47.Kd5 Bf2 48.Bg5 Bb6 49.h4 Bf2 50.Ke5 h6
51.Bxh6 Bxh4 52.f4 Bf2 53.Bg5 Bb6 54.Kf6 Kd6 55.Kxg6 Ke6 56.Bh4 Bc7 57.g3 Bb6
58.g4 fxg4 59.f5+ Ke5 60.f6 Ke4 61.f7 Bc5 62.Bf2 Bd6 63.Bb6 Kd3 64.Bxa5 Kc3
65.Bc7 Bc5 66.a5 Kxb3 67.a6  1-0

[Event "4NCL 2009-10"]
[Site "Hinckley Island ENG"]
[Date "2010.01.17"]
[Round "4"]
[White "Richardson,Joh"]
[Black "Thompson,I"]
[Result "0-1"]
[WhiteElo "2298"]
[BlackElo "2266"]

1.d4 d5 2.Nf3 Nf6 3.c4 e6 4.Nc3 c6 5.e3 Nbd7 6.Qc2 Bd6 7.Bd2 O-O 8.Bd3 dxc4
9.Bxc4 b5 10.Bd3 Bb7 11.O-O a6 12.a4 Rc8 13.Ne4 Nxe4 14.Bxe4 f5 15.Bd3 c5
16.Qd1 c4 17.Be2 b4 18.Ne5 Bxe5 19.dxe5 a5 20.f4 Bd5 21.Be1 Nc5 22.Bf3 Be4
23.Bxe4 Nxe4 24.Qh5 g6 25.Qf3 Qc7 26.g4 Rfd8 27.gxf5 exf5 28.Rc1 Rd3 29.Rc2 Qd7
30.h4 Qxa4 31.Re2 c3 32.bxc3 bxc3 33.h5 Rc6 34.hxg6 Rxg6+ 35.Rg2 c2 36.Qh5 Rxg2+
37.Kxg2 c1=Q  0-1

[Event "8th Parsvnath Open"]
[Site "New Delhi IND"]
[Date "2010.01.17"]
[Round "6"]
[White "Koshy,V"]
[Black "Zubarev,Al1"]
[Result "1-0"]
[WhiteElo "2281"]
[BlackElo "2544"]

1.c4 c6 2.Nf3 d5 3.e3 Nf6 4.Nc3 e6 5.d4 a6 6.cxd5 exd5 7.Bd3 Bd6 8.Ne5 O-O
9.O-O c5 10.f4 Nc6 11.e4 dxe4 12.Nxc6 bxc6 13.Nxe4 cxd4 14.Nxf6+ Qxf6 15.Qc2 c5
16.Bxh7+ Kh8 17.Bd3 Bb7 18.Qe2 Qh6 19.Qg4 g6 20.Qd7  1-0